01098 2200205 4500001002100000005001500021035002000036008004100056245004900097100002200146250000600168260003600174300002900210020001800239084001400257520058700271082000800858650001400866990001200880INLIS00000000000006020240502102914 a0010-0424000036240502 0 ind 1 aBerkenalan Dengan Puisi /cProf. Dr. Suminto aProf. Dr. Suminto a1 aYogyakarta :bGama Media,c2002 a404 hlm ;c14 cm x 20 cm a979-9552-13-3 a400 SUM b aPeningkatan apresiasi masyarakat luas terhadap sastra (tentu saja puisi) sangat penting artinya dalam menunjang perkembangan kebudayaan suatu bangsa. Apalagi sastra sering pula disebut-sebut sebagai sebuah "dunia" yang menawarkan moral, yang sesungguhnya sangat dibutuhkan oleh suatu komunitas masyarakat yang "sehat". Apresiasi tinggi terhadap sastra (termasuk terhadap puisi) memang tidak seketika dapat langsung memperbaiki moral masyarakat. Namun, setidaknya sastra, dalam hal ini khususnya puisi, --meminjam istilah Taufiq Ismail-- akan "menepuk bahu dan mencoba mengingatkan". a400 4aNon Fiksi a0737321